000 00830nam a2200277Ia 4500
005 20220316235424.0
008 121119s2001 sp gr 000 j spa
020 _a8426130860
041 0 _aspa
100 1 _aGlitz, Angelika
245 1 3 _aEl secreto de Mili
_cAngelika Glitz ; Annette Swoboda
250 _aPrimera edición
300 _a24 páginas
_c26 cm
490 0 _aCuadrada
650 1 4 _aLiteratura infantil
_xCuentos
_2LEMB
650 1 4 _aCuentos infantiles alemanes
_2LEMB
650 1 4 _aSecretos en la literatura
_2LEMB
700 1 _aSwoboda, Annette
_93364
942 _2loc
_cBKINF
264 _aBarcelona
_bJuventud
_c2001
336 _atexto
_btxt
_2rdacontent
337 _asin mediación
_bn
_2rdamedia
338 _avolumen
_bnc
_2rdacarrier
040 _aCO-BoRNBP
_bspa
_erda
_cCO-BoRNBP
084 _aC GLI1
999 _c916
_d916